Представление документа в формате RUSMARC

ПолеНазваниеЗначение
  Тип записи a
  Библиографический уровень m
001 Контрольный номер RU/CBS_UL/BASE/966cb835aa9b4f42a1c2796e358997b1
005 Дата корректировки 20260209142325.9
010 Индекс ISBN __
a ISBN
b Уточнения в пер.
d Цена 117 р. 00 к.
9 Тираж экз.
100 Данные общей обработки __
a Данные общей обработки 20161102d2016 ||| 0rusy0189 ca
101 Язык документа 0_
a Язык текста rus
102 Страна публикации __
a Страна публикации RU
105 Кодированные данные (монография) __
a Кодированные данные (монография) y###||||000|y
200 Заглавие и сведения об ответственности 1_
a Заглавие Материаловедение
e Сведения, относящиеся к заглавию практикум
g Последующие сведения об ответственности под ред. С. В. Ржевской
210 Выходные данные 1_
a Место издания Москва
c Издательство Логос
d Дата издания 2004
215 Физическое описание __
a Объем 266 с.
d Формат см.
225 Серия 2_
a Серия Новая университетская библиотека
300 Общие примечания __
a Общие примечания 16+
606 Тематические рубрики 0_
a Основная рубрика Материаловедение
610 Ключевые слова 0_
a Ключевые слова материаловедение
a Ключевые слова материалы металические
a Ключевые слова материалы неметалические
a Ключевые слова сплавы
a Ключевые слова обработка термическая
686 Индексы других классификаций __
a Классификационный индекс 30.3
2 Код системы ББК
801 Источник записи _0
a Страна RU
b Организация МБУК ЦБС
c Дата составления 20161102
g Правила каталогизации RCR
852 Данные о местонахождении __
i Авторский знак М 34
j Шифр хранения 30.3
901 Тип документа __
t Тип документа m